000 00629nam a22002537a 4500
008 130514b xxu||||| |||| 00| 0 eng d
020 _a0-19-566697-8
024 _cavailable
037 _cavailable
082 _222
_a421 SEO
100 _aSeely, John
110 _a
245 _aThe Oxford Guide Writing
250 _a
260 _aNew Delhi
_bOxford University Press
_c2002
300 _a17.5 cm
_b304 page
_f2
_g17.5 cm
600 _aPhonology
650 _2
700 _aSeely, John
270 _aNew Delhi
_bNew Delhi
_dIndia
365 _b244.00
_d244.00
942 _2ddc
_cBK
999 _c388
_d388